000 00305nam a2200121Ia 4500
008 190216s9999||||xx |||||||||||||| ||und||
100 _aRobertis E D P & Robertis E M F
245 0 _aCell And Molecular Biology
260 _bBi.Waverly Pvt Ltd
_c2011
300 _a734p
650 _aBotany
942 _cBK
999 _c1434
_d1434